000 00597nam a2200217Ia 4500
008 180523s9999 xx 000 0 und d
020 _a981-4035-85-8
050 _aMAIN HF 5548.35
050 _b.W38 1990
100 _aWatne, Donald A.
245 0 _aAuditing EDP systems /
245 0 _cDonald A. Watne, Peter B. B. Turney.
250 _a2nd Edition
260 _aSingapore :
260 _bPearson Education South Asia,
260 _c2004
300 _a576 pages :
300 _c21 cm.
500 _aIncludes index.
650 _aElectronic data processing departments -- Auditing.
999 _c357137
_d357137